A PRE-EXPERIMENTAL STUDY TO ASSESS THE EFFECTIVNESS.. (Record no. 21651)
[ view plain ]
| 000 -LEADER | |
|---|---|
| fixed length control field | 00331nam a22001337a 4500 |
| 003 - CONTROL NUMBER IDENTIFIER | |
| control field | SGT |
| 082 ## - DEWEY DECIMAL CLASSIFICATION NUMBER | |
| Classification number | 610.7368 |
| Item number | P20K |
| 100 ## - MAIN ENTRY--PERSONAL NAME | |
| Personal name | KAUR, NIRDEEP |
| 245 ## - TITLE STATEMENT | |
| Title | A PRE-EXPERIMENTAL STUDY TO ASSESS THE EFFECTIVNESS.. |
| 260 ## - PUBLICATION, DISTRIBUTION, ETC. (IMPRINT) | |
| Place of publication, distribution, etc | SGT UNIVERSITY |
| Name of publisher, distributor, etc | SGT UNIVWERSITY |
| Year of Publication | 2020 |
| 300 ## - PAGE DESCRIPTION | |
| No. of Pages | 61 |
| 650 ## - SUBJECT ADDED ENTRY--TOPICAL TERM | |
| Topical term or geographic name as entry element | NURSING THESIS |
| 942 ## - ADDED ENTRY ELEMENTS (KOHA) | |
| Source of classification or shelving scheme | Dewey Decimal Classification |
| Koha item type | Thesis/Dissertation |
| Withdrawn status | Lost status | Source of classification or shelving scheme | Damaged status | Not for loan | Collection code | Home library | Current library | Date acquired | Total Checkouts | Full call number | Accession No. (Barcode) | Date last seen | Bill Date | Koha item type |
|---|---|---|---|---|---|---|---|---|---|---|---|---|---|---|
| Dewey Decimal Classification | Not For Loan | MEDICAL | SGT Medical Library | SGT Medical Library | 03/08/2021 | 610.7368 P20K | DT1295 | 03/08/2021 | 03/08/2021 | Thesis/Dissertation |